| Поле | Инд. | ПП | Название | Значение |
|---|---|---|---|---|
| Тип записи | a | |||
| Библиографический уровень | m | |||
| 001 | Контрольный номер | RSL-KNO-004228705 | ||
| 005 | Дата корректировки | 20150513113637.5 | ||
| 020 | a | ISBN | 978-5-7567-0455-6 | |
| 040 | a | Служба первич. каталог. | РКП | |
| c | Служба, преобразующая запись | РГБ | ||
| d | Организация, изменившая запись | НБ ТвГУ | ||
| e | Правила каталог. | rcr | ||
| 041 | a | Код языка текста | rus | |
| 080 | a | Индекс УДК | 070:32(075.8) | |
| 084 | a | Индекс другой классификации/Индекс ББК | Ч600я73-1 | |
| a | Индекс другой классификации/Индекс ББК | Ч610.0я73-1 | ||
| a | Индекс другой классификации/Индекс ББК | С524.224.5я73-1 | ||
| 090 | a | Полочн. индекс | Ч600 | |
| x | Авторский знак | С 50 | ||
| 245 | a | Заглавие | СМИ и политика | |
| b | Продолж. заглавия | учебное пособие для студентов высших учебных заведений, обучающихся по направлению 520600 и специальности 021400 "Журналистика" | ||
| c | Ответственность | под ред. Л. Л. Реснянской | ||
| 260 | a | Место издания | Москва | |
| b | Издательство | Аспект Пресс | ||
| c | Дата издания | 2007 | ||
| 300 | a | Объем | 254, [2] с. | |
| b | Иллюстрации/ тип воспроизводства | ил. | ||
| c | Размеры | 21 | ||
| 500 | a | Примечание | Авт. указаны на обороте тит. л. | |
| 504 | a | Библиография | Библиогр.: с. 250-255 и в подстроч. примеч. | |
| 505 | a | Форматированное содержание | ||
| 520 | a | Аннотация | Сопряжение СМИ и политики становится значимым фактором протекания и развития политического процесса, участия в нём граждан, порождает медиатическое измерение самой политики. В учебном пособии анализируются проблемы взаимозависимости политического устройства общества и деятельности СМИ, коммуникативных практик, влияющих на общественный диалог. Для студентов факультетов журналистики, исследователей и работников СМИ. | |
| 650 | a | Основная рубрика | Средства массовой информации | |
| x | Основная подрубрика | Влияние на политические процессы | ||
| x | Основная подрубрика | Социологические исследования | ||
| 650 | 14 | a | Основная рубрика | Средства массовой информации и политика |
| x | Основная подрубрика | Учебники для вузов | ||
| 653 | a | Ключевые слова | Периодическая печать и политика | |
| a | Ключевые слова | Политический дизайн СМИ | ||
| a | Ключевые слова | СМИ и политика | ||
| a | Ключевые слова | Средства массовой информации | ||
| 700 | 1_ | a | Другие авторы | Реснянская Людмила Леонидовна |
| q | Полное имя | Реснянская, Л. Л. | ||
| 700 | 1_ | a | Другие авторы | Воинова Екатерина Андреевна |
| q | Полное имя | Воинова, Е. А. | ||
| 700 | 1_ | a | Другие авторы | Хвостунова Ольга Игоревна |
| q | Полное имя | Хвостунова, О. И. | ||
| 920 | a | Оператор | Стру | |
| 930 | a | Новая/Ретро | учебники | |
| 954 | a | Дата поступления на обработку | 20100206 |